000
00314nam a2200133Ia 4500
008
191201s2004 xx 000 0 und d
082
_a
006.6
_b
ROC
100
_a
ROY, Gautam
245
0
_a
Computer Graphics
260
_a
N.Delhi
_b
Khanna Publisher
_c
2004
300
_a
436
650
_a
B.Tech(IT)
942
_2
ddc
_c
BK
999
_c
3149
_d
3149